Kluby w 1/8 finału Pucharu Polski w sezonie 2025/26 - Statystyki

Ogólne statystyki
  • Ten quiz został rozwiązany 196 razy
  • Średni wynik to 11 z 16
Statystyki odpowiedzi
Klub Liga Województwo % Poprawnych
Lech Poznań Ekstraklasa wielkopolskie
95%
Jagiellonia Białystok Ekstraklasa podlaskie
87%
Widzew Łódź Ekstraklasa łódzkie
85%
Pogoń Szczecin Ekstraklasa zachodniopomorskie
81%
Śląsk Wrocław 1 liga dolnośląskie
81%
Górnik Zabrze Ekstraklasa śląskie
77%
Raków Częstochowa Ekstraklasa śląskie
74%
Wisła Kraków 1 liga małopolskie
74%
Lechia Gdańsk Ekstraklasa pomorskie
73%
GKS Katowice Ekstraklasa śląskie
72%
Korona Kielce Ekstraklasa świętokrzyskie
69%
Zawisza Bydgoszcz 3 liga kujawsko-pomorskie
68%
Piast Gliwice Ekstraklasa śląskie
61%
Avia Świdnik 3 liga lubelskie
60%
Chojniczanka Chojnice 2 liga pomorskie
44%
Polonia Bytom 1 liga śląskie
38%
Nie znaleziono quizów pasujących do podanych kryteriów
Rozkład punktacji
Procent ludzi z każdym wynikiem
Percentyl według liczby udzielonych odpowiedzi
Twoja historia wyników
Nie rozwiązałeś tego quizu